Maisie Peters - BSC - Statistics

General Stats
  • This quiz has been taken 57 times
  • The average score is 239 of 272
Answer Stats
Answer % Correct
a
100%
A
100%
and
100%
And
100%
But
100%
but
100%
crazy
100%
I
100%
“I
100%
I’m
100%
it
100%
it’s
100%
It’s
100%
me
100%
me,
100%
You
100%
you
100%
batshit
97%
Broke
97%
broke
97%
funny
97%
time
97%
to
97%
your
97%
Your
97%
act
94%
actually
94%
alright
94%
baby
94%
laughing,
94%
motherfucking
94%
the
94%
think
94%
am
91%
big
91%
don’t
91%
Don’t
91%
if
91%
If
91%
in
91%
Little
91%
Miss
91%
my
91%
So
91%
Unstable
91%
way
91%
way,
91%
bloody
88%
can
88%
‘cause
88%
‘Cause
88%
made
88%
too
88%
love
84%
north
84%
On
84%
up
84%
Want
84%
why’d
84%
cut
81%
fucking
81%
Label”
81%
source
81%
tricky
81%
tricky,
81%
what
81%
all
78%
both
78%
call
78%
hair
78%
King
78%
kiss
78%
Love’s
78%
Mister
78%
nose
78%
not
78%
out
78%
save
78%
Stephen
78%
was
78%
We
78%
write
78%
wrote
78%
Bates
75%
face
75%
found
75%
Graham
75%
here’s
75%
Kathy
75%
Norton
75%
organs
75%
some
75%
table
75%
thing
75%
unhinged
75%
walls,
75%
within
75%
April?
72%
dinner
72%
forehead
72%
game
72%
gin
72%
Hall
72%
Is
72%
over
72%
pour
72%
watch
72%
wrecked
72%
ball
69%
boy,
69%
dropped
69%
Golden
69%
gonna
69%
mum
69%
played
69%
river
69%
run
69%
scar
69%
speak
69%
these
69%
throw
69%
verb
69%
Annie
66%
at
66%
down
66%
I’ve
66%
kept
66%
bandage
63%
scaling
63%
space
63%
One,
59%
take
59%
pretending
56%
three
56%
two,
56%
good
53%
cleansing
50%
Oh,
50%
spiritual
50%
truth
50%
Pressed
47%
gone
44%
No matching quizzes found
Score Distribution
Percent of People with Each Score
Percentile by Number Answered
Your Score History
You have not taken this quiz